Normal view MARC view

Entry Personal Name

Number of records used in: 2

001 - CONTROL NUMBER

  • control field: 252406

003 - CONTROL NUMBER IDENTIFIER

  • control field: OSt

005 - DATE AND TIME OF LATEST TRANSACTION

  • control field: 20220925180940.0

008 - FIXED-LENGTH DATA ELEMENTS

  • fixed length control field: 220925|| aca||aabn | a|a d

040 ## - CATALOGING SOURCE

  • Original cataloging agency: OSt
  • Transcribing agency: OSt

100 ## - HEADING--PERSONAL NAME

  • Personal name: AUSTRALIA, SOCIAL WELFARE (Standing commiittee on--0

670 ## - SOURCE DATA FOUND

  • Source citation: Work cat.: (OSt)497928: AUSTRALIA, SOCIAL WELFARE (Standing commiittee on--0 252405, Senate, 1976
Copyright @ Delhi University Library System